| 000 | 01930nam a2200517 i 4500 | ||
|---|---|---|---|
| 001 | 35362 | ||
| 003 | KOSZ 005 | ||
| 005 | 20220628114007.0 | ||
| 008 | 970510s1993 pl |000 0 pol | ||
| 015 | _aUWD 1994/9247 | ||
| 020 | _a8385210172 | ||
| 035 | _a991000665989705066 | ||
| 035 | _a(PL-WaBN)b10218671-48omnis_nlop | ||
| 035 | _ab10218671 | ||
| 035 | _a(OCoLC)749958277 | ||
| 035 | _azz2005941852 | ||
| 035 | _a(PL)b0000001021867 | ||
| 035 | _a(EXLNZ-48OMNIS_NETWORK)9910512589805606 | ||
| 040 |
_aWA N _cWA N _dWA N _dKOSZ 005/HR |
||
| 046 | _k1993 | ||
| 080 | _a354(438) | ||
| 080 | _a342.51(438) | ||
| 245 | 0 | 0 |
_aFunkcjonowanie i aparat Rady Ministrów i Prezesa Rady Ministrów / _c[red. Hubert Izdebski] ; Pełnomocnik Rządu do Spraw Reformy Administracji Publicznej. Urząd Rady Ministrów. |
| 260 |
_aWarszawa : _bMiędzykomunalna Spółka Akcyjna "Municipium", _c1993. |
||
| 300 |
_a103, [1] s. ; _c24 cm. |
||
| 336 |
_aTekst _btxt _2rdacontent |
||
| 337 |
_aBez urządzenia pośredniczącego _bn _2rdamedia |
||
| 338 |
_aWolumin _bnc _2rdacarrier |
||
| 380 | _aKsiążki | ||
| 388 | _a1901-2000 | ||
| 388 | _a1989-2000 | ||
| 490 | 1 |
_aMateriały Reformy Administracji Publicznej. Dział II, Reforma "Centrum Rządu" ; _vz. 1 |
|
| 650 | 7 |
_aAdministracja _2DBN |
|
| 650 | 7 |
_aOrganizacja _2DBN |
|
| 650 | 7 |
_aPrawo _2DBN |
|
| 650 | 7 |
_aProjekty _2DBN |
|
| 651 | 7 |
_aPolska _2DBN |
|
| 658 | _aPolityka, politologia, administracja publiczna | ||
| 658 | _aPrawo i wymiar sprawiedliwości | ||
| 658 | _aZarządzanie i marketing | ||
| 700 | 1 |
_aIzdebski, Hubert _d(1947- ) _eRedakcja |
|
| 830 | 0 |
_aMateriały Reformy Administracji Publicznej. _pDział II, Reforma "Centrum Rządu" _vz. 1 |
|
| 856 |
_uhttp://koha.tu.koszalin.pl/cgi-bin/koha/opac-detail.pl?biblionumber=35362 _yKatalog online BPK |
||
| 942 |
_2UKD _cKS |
||
| 999 |
_c35362 _d35362 |
||